000 00361 a2200157 4500
001 171161
020 _a
040 _cMagnum
100 _aAlves, Katia Correa Peixoto
240 1 0 _aDialogos com a historia - 6 serie
_lpor
245 1 0 _aDialogos com a historia - 6 serie
362 0 _a1899
440 1 _aDimensão
697 _aPARADIDATICO
942 _cBK
999 _c171161
_d171161